<?xml version="1.0" encoding="utf-8"?>
<?xml-stylesheet type='text/xsl' href='./oai2.xsl'?>
<OAI-PMH xmlns="http://www.openarchives.org/OAI/2.0/" xmlns:xsi="http://www.w3.org/2001/XMLSchema-instance" xsi:schemaLocation="http://www.openarchives.org/OAI/2.0/ http://www.openarchives.org/OAI/2.0/OAI-PMH.xsd">
  <responseDate>2026-06-07T17:37:06Z</responseDate>
  <request verb="GetRecord" metadataPrefix="marcxml" identifier="record_kuniweb_2517963">https://kulturerbe.niedersachsen.de/oai</request>
  <GetRecord>
    <record>
      <header>
        <identifier>record_kuniweb_2517963</identifier>
        <datestamp>2026-03-31T19:09:18Z</datestamp>
        <setSpec>slg0175</setSpec>
      </header>
      <metadata>
        <marc:record xmlns:marc="http://www.loc.gov/MARC21/slim" xsi:schemaLocation="http://www.loc.gov/MARC21/slim http://www.loc.gov/standards/marcxml/schema/MARC21slim.xsd">
          <marc:leader>12345nkm  22     uu 4500</marc:leader>
          <marc:controlfield tag="001">2517963</marc:controlfield>
          <marc:controlfield tag="003">http://kuniweb.gbv.de</marc:controlfield>
          <marc:controlfield tag="005">2025-04-23T11:20:28</marc:controlfield>
          <marc:controlfield tag="008">|           ||||||||||||||||||||||</marc:controlfield>
          <marc:datafield tag="245" ind1="1" ind2="0">
            <marc:subfield code="a">Friede sei mit euch</marc:subfield>
          </marc:datafield>
          <marc:datafield tag="720" ind1=" " ind2=" ">
            <marc:subfield code="a">Franz Heinrich Bödeker</marc:subfield>
          </marc:datafield>
          <marc:datafield tag="720" ind1=" " ind2=" ">
            <marc:subfield code="a">Friedrich Küsthardt</marc:subfield>
          </marc:datafield>
          <marc:datafield tag="655" ind1=" " ind2="7">
            <marc:subfield code="a">Fotografie</marc:subfield>
          </marc:datafield>
          <marc:datafield tag="046" ind1=" " ind2=" ">
            <marc:subfield code="k">1882-03-05</marc:subfield>
            <marc:subfield code="k">ca. 5. März 1882 (Datierung auf dem Trägerkarton - Terminus ante quem für Fertigstellung und Fotografie des Reliefs)</marc:subfield>
          </marc:datafield>
          <marc:datafield tag="260" ind1=" " ind2=" ">
            <marc:subfield code="g">1882-03-05</marc:subfield>
            <marc:subfield code="g">ca. 5. März 1882 (Datierung auf dem Trägerkarton - Terminus ante quem für Fertigstellung und Fotografie des Reliefs)</marc:subfield>
          </marc:datafield>
          <marc:datafield tag="300" ind1=" " ind2=" ">
            <marc:subfield code="a">Höhe: 112 mm (Fotografie)
Breite: 161 mm (Fotografie)
Höhe: 185 mm (Trägerkarton)
Breite: 225 mm (Trägerkarton)</marc:subfield>
          </marc:datafield>
          <marc:datafield tag="520" ind1=" " ind2=" ">
            <marc:subfield code="a">Fotografie von Franz Heinrich Bödeker nach einem Relief von Friedrich Küsthardt, laut dem Künstler vorgesehen für den Altar der "evangelischen Kirche" in Gelsenkirchen-Schalke (nicht verifiziert/ genauer identifiziert).
Fotografie aus dem Atelier/ der Werkstatt des Bildhauers auf hellen Trägerkarton geleimt und HA gewidmet (T. Mahler 07/2024)

Aufdruck:
"Friede sei mit euch" u. mittig (angeheftetes Spruchband am Sockel des fotografierten Reliefs)

Prägung:
"F. H. Bödecker/ Hildesheim" u. re. (Prägungsstempel des Fotografen)

Aufschrift:
"Hildesheim 5. III. 1882." u. li. "Marmor-Relief für den Altar der evangelischen Kirche zu Schalke in Westfalen/ von Fr. Küsthardt in Hildesheim." u. mittig "Seinem lieben Freunde H. Allmers herzl. zugeeignet von Verfasser." u. re. (Bez. und Widmung von der Hand Friedrich Küsthardts in schwarzer Tinte auf dem Trägerkarton unterhalb der Fotografie)</marc:subfield>
          </marc:datafield>
          <marc:datafield tag="650" ind1="1" ind2=" ">
            <marc:subfield code="a">Grafik, Fotografie &gt; Fotografie</marc:subfield>
          </marc:datafield>
          <marc:datafield tag="650" ind1="1" ind2=" ">
            <marc:subfield code="a">Schalke</marc:subfield>
          </marc:datafield>
          <marc:datafield tag="773" ind1="0" ind2=" ">
            <marc:subfield code="t">Sammlung und Nachlass Hermann Allmers</marc:subfield>
          </marc:datafield>
          <marc:datafield tag="852" ind1=" " ind2=" ">
            <marc:subfield code="a">Archiv des Landkreises Cuxhaven</marc:subfield>
          </marc:datafield>
          <marc:datafield tag="852" ind1=" " ind2=" ">
            <marc:subfield code="a">Hildesheim</marc:subfield>
          </marc:datafield>
          <marc:datafield tag="" ind1=" " ind2=" ">
            <marc:subfield code="a">Sammlung und Nachlass Hermann Allmers sind Eigentum der Hermann-Allmers-Gesellschaft e. V. und werden in zwei Teilen an zwei Standorten verwahrt:
Die (museale) Sammlung, bestehend aus Mobiliar und Hausgerät, Tafelgemälden, kleineren und größeren Antiken, Gipsabgüssen, kunsthandwerklichen Objekten aus Keramik und Glas und einer kleinen Bibliothek, befindet sich im Allmers-Haus in Rechtenfleth.
Der literarische, grafische und fotografische "Nachlass Hermann Allmers" hingegen ist im Archiv des Landkreises Cuxhaven in Otterndorf deponiert.</marc:subfield>
          </marc:datafield>
          <marc:datafield tag="" ind1=" " ind2=" ">
            <marc:subfield code="a">Namensnennung - Nicht kommerziell - Keine Bearbeitungen 4.0 International (CC BY-NC-ND 4.0)</marc:subfield>
          </marc:datafield>
        </marc:record>
      </metadata>
    </record>
  </GetRecord>
</OAI-PMH>
